000 00507nam a22001577a 4500
082 _a624.15
_bWOL
_cD
100 _aWolf, Thomas F.
_942794
245 _aShort courses in soil mechanics and foundation engineering /
_cThomas F, Wolf
260 _aPakistan :
_bPakistan Military College,
_c1990.
300 _aMisc Pages.
526 _a0
_b0
_c0
_d624_150000000000000_WOL
526 _a0
_b0
_c0
_d624_150000000000000_WOL
526 _a0
_b0
_c0
_d624_150000000000000_WOL
650 _aMCE
_9379
942 _2ddc
_cBK
999 _c546627
_d546627